00306 a2200097 4500001000900000005001700009008004100026245005400067100002400121773006300145ART_810920260410161639.0260409a 10aCanje de duda pública. Fideicomisos financieros1 aCalcagno, Gabriel A0 tConsultor tributariog- Vol. 3, Nº 27 (may. 2009)wREV474